<?xml version="1.0" encoding="UTF-8"?>
<record
    xmlns:xsi="http://www.w3.org/2001/XMLSchema-instance"
    xsi:schemaLocation="http://www.loc.gov/MARC21/slim http://www.loc.gov/standards/marcxml/schema/MARC21slim.xsd"
    xmlns="http://www.loc.gov/MARC21/slim">

  <leader>03780nam a22003377a 4500</leader>
  <datafield tag="999" ind1=" " ind2=" ">
    <subfield code="c">21781</subfield>
    <subfield code="d">21781</subfield>
  </datafield>
  <controlfield tag="003">AR-CdUCM</controlfield>
  <controlfield tag="008">190425b           ||||| |||| 00| 0 spa d</controlfield>
  <datafield tag="040" ind1=" " ind2=" ">
    <subfield code="a">MUNICIPALIDAD PROVINCIAL DEL CUSCO</subfield>
    <subfield code="c">BIBLIOTECA MUNICIPAL DEL CUSCO</subfield>
  </datafield>
  <datafield tag="082" ind1=" " ind2=" ">
    <subfield code="a">Rev.Univ/N&#xB0;132/1983</subfield>
  </datafield>
  <datafield tag="110" ind1=" " ind2=" ">
    <subfield code="a">Universidad Nacional de San Antonio Abad del Cusco</subfield>
    <subfield code="9">15942</subfield>
  </datafield>
  <datafield tag="245" ind1=" " ind2=" ">
    <subfield code="a">Revista Universitaria :</subfield>
    <subfield code="b">&#xD3;rgano de la Universidad del Cuzco /</subfield>
  </datafield>
  <datafield tag="260" ind1=" " ind2=" ">
    <subfield code="a">Cusco :</subfield>
    <subfield code="b">Universidad Nacional de San Antonio Abad del Cusco,</subfield>
    <subfield code="c">1983.</subfield>
  </datafield>
  <datafield tag="300" ind1=" " ind2=" ">
    <subfield code="a">275 p&#xE1;ginas. :</subfield>
    <subfield code="c">20 cm.</subfield>
  </datafield>
  <datafield tag="440" ind1=" " ind2=" ">
    <subfield code="a">Revista Universitaria</subfield>
    <subfield code="n">A&#xF1;o LXX, 1983, N&#xB0;132.</subfield>
    <subfield code="9">46082</subfield>
  </datafield>
  <datafield tag="505" ind1=" " ind2=" ">
    <subfield code="a">Contenido: Un ensayo de descriptores para Lupinus Mutabilis Sweet. Oscar Blanco Gald&#xF3;s. -- La necesidad de producir semilla de hortalizas.  Juan Cl&#xED;maco Monteagudo Espejo. -- Las Caba&#xF1;uelas. V&#xED;ctor Rivero Luque. -- Principales especies forestales nativas de la Sierra del Cusco. Efra&#xED;n Sald&#xED;var Acu&#xF1;a. -- Algunas diferencias entre movimientos campesinos del Cusco y Puno. Rub&#xE9;n Acurio Moreno. -- Un m&#xE9;todo para el an&#xE1;lisis ideol&#xF3;gico, la conciencia social sobre la pr&#xE1;ctica social y el an&#xE1;lisis ideol&#xF3;gico. Cesar Gonzales Mires. -- La vivienda en el medio rural. Oscar Murillo Serna. -- Esquema anal&#xED;tico comparado de la sociedad andina siglo XVI al XX. Juan N&#xFA;&#xF1;ez del Prado. -- El valor ideol&#xF3;gico de las alasitas en la econom&#xED;a del altiplano. Abrah&#xE1;n Valencia Espinoza. -- Informe preliminar sobre el g&#xE9;nero inga en el suroriente peruano. Felipe Mar&#xED;n Moreno. --  Apreciaciones y sugerencias sobre el proyecto de ley de bases de la universidad peruana aprobada en la c&#xE1;mara de diputados del 31 de mayo de 1982. Oscar P&#xE9;rez Huaranca. -- Diagn&#xF3;stico de la reforma educativa en la V Regi&#xF3;n de Educaci&#xF3;n. Lucio Vel&#xE1;squez Vel&#xE1;squez. -- Posibilidades y l&#xED;mites del quechua como instrumento de construcci&#xF3;n cient&#xED;fica. Max Gotardo Aguirre C&#xE1;rdenas. -- Producci&#xF3;n e industria lechera en el Per&#xFA;, algunas recomendaciones para su desarrollo. Mario Ruiz de Castilla Mar&#xED;n. -- La comunidad hispanoam&#xE9;ricana en el pensamiento pol&#xED;tico del libertador Sim&#xF3;n Bol&#xED;var. Jos&#xE9; Oscar Azpilcueta Loaiza -- Poblaci&#xF3;n y transporte. Mario Escobar Moscoso. -- El obispo Jos&#xE9; P&#xE9;rez Armend&#xE1;riz precursor y pr&#xF3;cer de la revoluci&#xF3;n de 1814. Jes&#xFA;s Aparicio Vega. -- Las relaciones en el castellano del Per&#xFA;. Ren&#xE9; Farf&#xE1;n Barrios. -- El Amauta en la pluma americana. Julio Galdo Bellota. -- El hombre y sus inquisiciones sobre el genio y la genialidad. Gustavo P&#xE9;rez Ocampo. --  Documento revela la jerarqu&#xED;a hist&#xF3;rica de la Universidad San Antonio Abad de Cusco. Juan Claudio P&#xE9;rez Tamayo. -- La lectura como instrumento de la educaci&#xF3;n. Hernando Salas Zamalloa. -- Lavado continuo de mercurio obtenido a partir de concentrados de cinabrio. Uberto Ces&#xE1;reo Gonzales Cuti. -- Hidromineria explotaci&#xF3;n para disoluciones. Daniel Santiago Aguilar. -- El triunfo del vapor y del acero. Jos&#xE9; Tamayo Herrera. -- A prop&#xF3;sito del papel de la poes&#xED;a popular en el proceso de alfabetizaci&#xF3;n algunas tradiciones de la ciencia de los pueblos ensayo de un an&#xE1;lisis hist&#xF3;rico de las escuelas etnol&#xF3;gicas.</subfield>
  </datafield>
  <datafield tag="650" ind1=" " ind2=" ">
    <subfield code="a">Agricultura</subfield>
    <subfield code="9">320</subfield>
  </datafield>
  <datafield tag="650" ind1=" " ind2=" ">
    <subfield code="a">Antropolog&#xED;a cusque&#xF1;a</subfield>
    <subfield code="9">45862</subfield>
  </datafield>
  <datafield tag="650" ind1=" " ind2=" ">
    <subfield code="a">Comunidades campesinas</subfield>
    <subfield code="9">2214</subfield>
  </datafield>
  <datafield tag="650" ind1=" " ind2=" ">
    <subfield code="a">Folklore cusque&#xF1;o</subfield>
    <subfield code="9">8693</subfield>
  </datafield>
  <datafield tag="650" ind1=" " ind2=" ">
    <subfield code="a">Sim&#xF3;n Bol&#xED;var</subfield>
    <subfield code="9">1694</subfield>
  </datafield>
  <datafield tag="700" ind1=" " ind2=" ">
    <subfield code="a">P&#xE9;rez Ocampo, Gustavo</subfield>
    <subfield code="9">46077</subfield>
  </datafield>
  <datafield tag="700" ind1=" " ind2=" ">
    <subfield code="a">Blanco, Gald&#xF3;s, Oscar</subfield>
    <subfield code="9">32943</subfield>
  </datafield>
  <datafield tag="700" ind1=" " ind2=" ">
    <subfield code="a">Rivero Luque, V&#xED;ctor</subfield>
    <subfield code="9">22612</subfield>
  </datafield>
  <datafield tag="700" ind1=" " ind2=" ">
    <subfield code="a">Acurio Moreno, Rub&#xE9;n</subfield>
    <subfield code="9">46083</subfield>
  </datafield>
  <datafield tag="700" ind1=" " ind2=" ">
    <subfield code="a">Murillo Serna, Oscar</subfield>
    <subfield code="9">46084</subfield>
  </datafield>
  <datafield tag="700" ind1=" " ind2=" ">
    <subfield code="a">Valencia Espinoza, Abrah&#xE1;n</subfield>
    <subfield code="9">46080</subfield>
  </datafield>
  <datafield tag="700" ind1=" " ind2=" ">
    <subfield code="a">Tamayo Herrera, Jos&#xE9;</subfield>
    <subfield code="9">11513</subfield>
  </datafield>
  <datafield tag="710" ind1=" " ind2=" ">
    <subfield code="a">Universidad Nacional de San Antonio Abad del Cusco</subfield>
    <subfield code="9">15942</subfield>
  </datafield>
  <datafield tag="942" ind1=" " ind2=" ">
    <subfield code="2">ddc</subfield>
    <subfield code="c">PP</subfield>
  </datafield>
  <datafield tag="945" ind1=" " ind2=" ">
    <subfield code="a">rac</subfield>
  </datafield>
  <datafield tag="952" ind1=" " ind2=" ">
    <subfield code="0">0</subfield>
    <subfield code="2">ddc</subfield>
    <subfield code="4">0</subfield>
    <subfield code="7">0</subfield>
    <subfield code="a">HEM</subfield>
    <subfield code="b">HEM</subfield>
    <subfield code="c">CART</subfield>
    <subfield code="d">2021-07-21</subfield>
    <subfield code="g">10.00</subfield>
    <subfield code="o">Rev.Univ/N&#xB0;132/1983</subfield>
    <subfield code="p">REVC000214</subfield>
    <subfield code="r">2021-07-21</subfield>
    <subfield code="y">PP</subfield>
  </datafield>
  <datafield tag="952" ind1=" " ind2=" ">
    <subfield code="0">0</subfield>
    <subfield code="2">ddc</subfield>
    <subfield code="4">0</subfield>
    <subfield code="7">0</subfield>
    <subfield code="a">HEM</subfield>
    <subfield code="b">HEM</subfield>
    <subfield code="c">CART</subfield>
    <subfield code="d">2021-07-21</subfield>
    <subfield code="g">10.00</subfield>
    <subfield code="o">Rev.Univ/N&#xB0;132/1983/e.2</subfield>
    <subfield code="p">REVC000215</subfield>
    <subfield code="r">2021-07-21</subfield>
    <subfield code="y">PP</subfield>
  </datafield>
  <datafield tag="952" ind1=" " ind2=" ">
    <subfield code="0">0</subfield>
    <subfield code="2">ddc</subfield>
    <subfield code="4">0</subfield>
    <subfield code="7">0</subfield>
    <subfield code="a">HEM</subfield>
    <subfield code="b">HEM</subfield>
    <subfield code="c">CART</subfield>
    <subfield code="d">2021-07-21</subfield>
    <subfield code="g">10.00</subfield>
    <subfield code="o">Rev.Univ/N&#xB0;132/1983/e.3</subfield>
    <subfield code="p">REVC000216</subfield>
    <subfield code="r">2021-07-21</subfield>
    <subfield code="y">PP</subfield>
  </datafield>
  <datafield tag="952" ind1=" " ind2=" ">
    <subfield code="0">0</subfield>
    <subfield code="2">ddc</subfield>
    <subfield code="4">0</subfield>
    <subfield code="7">0</subfield>
    <subfield code="a">HEM</subfield>
    <subfield code="b">HEM</subfield>
    <subfield code="c">CART</subfield>
    <subfield code="d">2021-07-21</subfield>
    <subfield code="g">10.00</subfield>
    <subfield code="o">Rev.Univ/N&#xB0;132/1983/e.4</subfield>
    <subfield code="p">REVC000217</subfield>
    <subfield code="r">2021-07-21</subfield>
    <subfield code="y">PP</subfield>
  </datafield>
</record>
